Welcome to the Holygrace Academy Library

Please use search bar below to get started

BIOLOGY QUESTION BANK (Record no. 727)

MARC details
000 -LEADER
fixed length control field 00310nam a22001337a 4500
020 ## - INTERNATIONAL STANDARD BOOK NUMBER
ISBN 81-261-1242-5
082 ## - DEWEY DECIMAL CLASSIFICATION NUMBER
Classification number 574
Item number SUN/B
100 ## - MAIN ENTRY--AUTHOR NAME
Personal name S.SUNDARA RAJAN
245 ## - TITLE STATEMENT
Title BIOLOGY QUESTION BANK
260 ## - PUBLICATION, DISTRIBUTION, ETC. (IMPRINT)
Place of publication DELHI
Name of publisher ANMOL PUBLICATIONS
Year of publication 2002
300 ## - PHYSICAL DESCRIPTION
Number of Pages 432
650 ## - SUBJECT ADDED ENTRY--TOPICAL TERM
Topical Term BIOLOGY FOR CLASS XII
Geographic subdivision INDIA
942 ## - ADDED ENTRY ELEMENTS (KOHA)
Koha item type Books
Holdings
Withdrawn status Lost status Collection code Home library Current library Shelving location Date acquired Source of acquisition Full call number Accession Number Koha item type
    Reference Main Library Main Library SHELF-9 E XII BIOLOGY 10/10/2006 purchase 574 SUN/B 02813 Books